Financial reporting exposure draft (FRED) 37 intangible assets (IAS 38) and (FRED) 38 impairment of assets (IAS 36) (Record no. 104862)

MARC details
000 -LEADER
fixed length control field 01069cam a2200265 4500
001 - CONTROL NUMBER
control field ##L131837
008 - FIXED-LENGTH DATA ELEMENTS--GENERAL INFORMATION
fixed length control field 051212n2005 000 0 eng u
020 ## - INTERNATIONAL STANDARD BOOK NUMBER
International Standard Book Number 1841407062
035 ## - SYSTEM CONTROL NUMBER
System control number (Sirsi) u131837
041 0# - LANGUAGE CODE
Language code of text/sound track or separate title eng
110 2# - MAIN ENTRY--CORPORATE NAME
Corporate name or jurisdiction name as entry element Accounting Standards Board
9 (RLIN) 3454
240 10 - UNIFORM TITLE
Uniform title FRED 37
-- FRED 38
245 00 - TITLE STATEMENT
Title Financial reporting exposure draft (FRED) 37 intangible assets (IAS 38) and (FRED) 38 impairment of assets (IAS 36)
250 ## - EDITION STATEMENT
Edition statement July 2005
260 ## - PUBLICATION, DISTRIBUTION, ETC.
Place of publication, distribution, etc. London
Name of publisher, distributor, etc. ASB
Date of publication, distribution, etc. 2005
300 ## - PHYSICAL DESCRIPTION
Extent 348p.
Dimensions 21cm.
350 ## - PRICE (NR) (BK AM CF MU VM SE) [OBSOLETE]
Price 17.50
490 #0 - SERIES STATEMENT
Series statement ASB Financial Reporting Exposure Draft
Volume/sequential designation 37
-- 38
520 ## - SUMMARY, ETC.
Summary, etc. Exposure drafts of standards continuing the process of bringing UK accounting standards into line with proposed International Financial Reporting Standards (IFRS).
690 ## - LOCAL SUBJECT ADDED ENTRY--TOPICAL TERM (OCLC, RLIN)
Topical term or geographic name as entry element MANAGEMENT-BUSINESS MANAGEMENT
710 2# - ADDED ENTRY--CORPORATE NAME
Corporate name or jurisdiction name as entry element United States Financial Accounting Standards Board
9 (RLIN) 3456
710 2# - ADDED ENTRY--CORPORATE NAME
Corporate name or jurisdiction name as entry element International Accounting Standards Board
9 (RLIN) 4097
856 48 - ELECTRONIC LOCATION AND ACCESS
Uniform Resource Identifier <a href="https://www.frc.org.uk">https://www.frc.org.uk</a>
Public note View the item free of charge at /www.frc.org.uk;
942 ## - ADDED ENTRY ELEMENTS (KOHA)
Suppress in OPAC 0
Holdings
Withdrawn status Lost status Source of classification or shelving scheme Damaged status Not for loan Home library Current library Shelving location Date acquired Total Checkouts Full call number Barcode Date last seen Copy number Price effective from Koha item type
    Dewey Decimal Classification     London London Boxed set 12/12/2005   BOXED SET 30070695 06/08/2019 1 06/08/2019 Reference material